000 01219cam a22003497a 4500
003 CHAP
005 20220329142437.0
008 010216d2000 mx b r 00110 spa d
010 _a83544
011 _a84516
020 _a9709000152
035 _a95037
040 _cCHAP
082 0 4 _a575.2
_bA7
100 0 0 _aArriaga Cabrera, Laura.
_97466
245 1 0 _aAguas continentales y diversidad biológica de México
_c/por Laura Arriaga Cabrera, Verónica Aguilar Sierra y Javier Alcocer Durand
260 _aMéxico, D. F. :
_bComisión Nacional para el Conocimiento y Uso de la Biodiversidad,
_c2000.
300 _a327 p. :
_b+ 1 mapa
590 _aBATCH-UPD
_b10
_c20130110
_lUCH01
_h0519
590 _aBATCH-UPD
_b10
_c20130410
_lUCH01
_h0158
590 _aBATCH-UPD
_b10
_c20130913
_lUCH01
_h2357
590 _aCONVERSION
_b10
_c20130109
_lUCH01
_h1346
650 1 4 _aAguas interiores.
_92579
650 1 4 _aBiodiversidad.
_912724
650 1 4 _aRecursos hidráulicos
_xMéxico.
_995116
700 0 _aAguilar Sierra, Veronica.
_92850
700 0 _aAlcocer Durand, Javier.
_93637
901 _aBK
905 _aLilia Sánchez G.
942 _cLIBRO
949 _a575.2 A7
_bBC
_cESP
_d33724000814547
_eESP
_h99748
_i95037
_sb
999 _c83544
_d83544